| 000 | 01051nam a22002537a 4500 | ||
|---|---|---|---|
| 005 | 20170124102952.0 | ||
| 010 | _aB-138023 | ||
| 020 |
_c250.00 _a8181432088 |
||
| 035 | _aB-138023 | ||
| 037 | _bCen Lib/Ret | ||
| 040 |
_aDPL _bHN |
||
| 082 |
_a820.8 _bप्रकाश |
||
| 100 |
_aप्रकाश मनु _93694 |
||
| 245 |
_aरामदरश मिश्र : _cप्रकाश मनु _bएक अंतर्यात्रा / |
||
| 246 |
_aRamdarash Mishra : ek antaryatra / _bby Prakash Manu |
||
| 260 |
_aनयी दिल्ली _bवाणी प्रकाशन _c2004 |
||
| 270 |
_bनयी दिल्ली _a21-ए, दरियागंज _e110002 |
||
| 300 |
_a183पृ. _c21सेमी(सजिल्द) |
||
| 650 |
_aहिन्दी -- साहित्य _952107 |
||
| 650 |
_aहिन्दी -- कहानियां _952108 |
||
| 650 |
_aHindi -- literature _952109 |
||
| 650 |
_aHindi - Stories _952110 |
||
| 942 |
_2ddc _cHN _h820.8 _mप्रकाश |
||
| 999 |
_c113407 _d113407 |
||